000 00619nam a2200181Ia 4500
008 151018s9999 xx 000 0 und d
082 _bRBASDV48502
_a891.463
100 _aअंबुजा सोनटक्के
245 _aदोन डोळे शेजारी
250 _b1
260 _bअजब प्रकाशन
_c2009
300 _a200
600 _aअंबुजा सोनटक्के
630 _aदोन डोळे शेजारी
700 _aअंबुजा सोनटक्के
730 _aदोन डोळे शेजारी
942 _cBOOK
999 _c1047628
_d1047625